Systems, states, diplomacy and rules / (Record no. 41894)
[ view plain ]
| 000 -LEADER | |
|---|---|
| fixed length control field | 00925nam a2200277 a 4500 |
| 001 - CONTROL NUMBER | |
| control field | 41894 |
| 003 - CONTROL NUMBER IDENTIFIER | |
| rucl marc code | BD-RjUL |
| 005 - DATE AND TIME OF LATEST TRANSACTION | |
| control field | 20211209053451.0 |
| 008 - FIXED-LENGTH DATA ELEMENTS--GENERAL INFORMATION | |
| fixed length control field | 160607s1968 enka b 000 0 eng |
| 020 ## - INTERNATIONAL STANDARD BOOK NUMBER | |
| International Standard Book Number | 0521073162 |
| 035 ## - SYSTEM CONTROL NUMBER | |
| System control number | (BD-RjUL)42012 |
| 040 ## - CATALOGING SOURCE | |
| Original cataloging agency | DLC |
| Transcribing agency | DLC |
| Modifying agency | BD-RjUL |
| Language of cataloging | eng |
| 041 ## - LANGUAGE CODE | |
| Language code of text/sound track or separate title | eng |
| 082 00 - DEWEY DECIMAL CLASSIFICATION NUMBER | |
| Classification number | 327 |
| Edition number | 19 |
| Author mark and year | BUS 1968 |
| 100 1# - MAIN ENTRY--PERSONAL NAME | |
| Personal name | Burton, John W. |
| Fuller form of name | (John Wear), |
| Dates associated with a name | 1915- |
| 9 (RLIN) | 128733 |
| 245 10 - TITLE STATEMENT | |
| Title | Systems, states, diplomacy and rules / |
| Statement of responsibility, etc. | [by] J. W. Burton. |
| 260 ## - PUBLICATION, DISTRIBUTION, ETC. (IMPRINT) | |
| Place of publication, distribution, etc. | London : |
| Name of publisher, distributor, etc. | Cambridge U.P., |
| Date of publication, distribution, etc. | 1968. |
| 300 ## - PHYSICAL DESCRIPTION | |
| Pagination | xii, 251 p.: |
| Illustrations | illus; |
| Size | 22 cm. |
| 350 ## - PRICE (NR) (BK AM CF MU VM SE) [OBSOLETE] | |
| Price | 40/- |
| 504 ## - BIBLIOGRAPHY, ETC. NOTE | |
| Bibliography, etc | Bibliography: p. 245-247. |
| 650 #0 - SUBJECT ADDED ENTRY--TOPICAL TERM | |
| Topical term or geographic name as entry element | International relations. |
| 9 (RLIN) | 128734 |
| 856 42 - ELECTRONIC LOCATION AND ACCESS | |
| Materials specified | Publisher description |
| Uniform Resource Identifier | <a href="http://www.loc.gov/catdir/enhancements/fy1005/68029653-d.html">http://www.loc.gov/catdir/enhancements/fy1005/68029653-d.html</a> |
| Materials specified | Table of contents only |
| Uniform Resource Identifier | <a href="http://www.loc.gov/catdir/enhancements/fy1005/68029653-t.html">http://www.loc.gov/catdir/enhancements/fy1005/68029653-t.html</a> |
| 942 ## - ADDED ENTRY ELEMENTS (KOHA) | |
| Source of classification or shelving scheme | Dewey Decimal Classification |
| Koha item type | Books |
| Lost status | Source of classification or shelving scheme | Damaged status | Not for loan | Collection code | Permanent Location | Current Location | Shelving location | Date acquired | Source of acquisition | Cost, normal purchase price | Total Checkouts | Full call number | Date last seen | Copy number | Koha item type |
|---|---|---|---|---|---|---|---|---|---|---|---|---|---|---|---|
| Dewey Decimal Classification | Non-fiction | Central Library, University of Rajshahi | Central Library, University of Rajshahi | 25/06/1970 | Zeithinger | 7.00 | 327 BUS 1968 | 07/06/2016 | C-2 | Books |